STN EN 1853: 2001 (47 0190) [neplatná], Poľnohospodárske stroje. Vyklápacie prívesy. Bezpečnosť

Táto národná norma je identická s EN 1853: 1999

Bibliographic Details
Main Author: Gábriš, Jozef (Author)
Corporate Author: Slovenská spoločnosť pre technickú normalizáciu (Translator)
Other Authors: Drang, Jozef (Translator)
Format: Book
Language:Slovak
English
PhysicalDescription:20 s. obr., tab. 30 cm
Published: Bratislava Slovenský ústav technickej normalizácie 2001
Subjects:

MARC

LEADER 00000cam a2200000 a 4500
001 vtls010276832
003 SK-MaSNL
005 20260301031729.0
008 160628s2001 xo a f u 000 0 slo
015 |a SNBN2014 
020 |c (cen. skup. 11) 
040 |a SNK  |b slo  |c SNK  |e AACR2 
041 1 |a slo  |h eng 
044 |a xo  |c SK 
046 |a m  |m 200105 (účin.)  |n 201004 (zruš.) 
072 7 |a 631  |x Poľnohospodárstvo. Pedológia. Agrotechnika. Agroekológia  |2 konspekt 
072 7 |a 63  |x Poľnohospodárstvo a príbuzné oblasti vedy a techniky  |2 konspekt 
080 |a 63:656  |2 2001 
080 |a 006.88  |2 2001 
080 |a (437.6)  |2 2001 
080 |a (4)  |2 2001 
080 |a (083)  |2 2001 
080 |a 631.3  |2 2001 
084 |a 65.060.10  |2 ICS 
130 0 |a STN 47 0190 (STN EN 1853) [neplatná]  |9 327725 
245 1 0 |a STN EN 1853: 2001 (47 0190) [neplatná], Poľnohospodárske stroje. Vyklápacie prívesy. Bezpečnosť 
246 1 0 |a Poľnohospodárske stroje 
246 1 0 |a Vyklápacie prívesy 
246 1 0 |a Bezpečnosť 
260 |a Bratislava  |b Slovenský ústav technickej normalizácie  |c 2001 
300 |a 20 s.  |b obr., tab.  |c 30 cm 
500 |a Súbežný názov v angličtine, francúzštine a nemčine 
500 |a Spracovateľ: SSTN Bratislava, Jozef Drang ; SÚTN Bratislava, Jozef Gábriš 
500 |a Norma je nahradená normou STN EN 1853+A1 z apríla 2010 v celom rozsahu 
504 |a Citované normy, súvisiace právne predpisy s. 2 
520 8 |a Táto národná norma je identická s EN 1853: 1999 
540 |a STN vydané na akomkoľvek nosiči sa môžu rozmnožovať a rozširovať iba so súhlasom určenej právnickej osoby  |b SÚTN Bratislava  |c zákon 264/1999 Z. z. 
650 0 7 |a poľnohospodárska doprava  |2 SNKPH  |9 76106 
650 0 7 |a technické normy a štandardy  |z krajiny Európskej únie  |2 SNKPH  |9 289341 
650 0 7 |a technické normy a štandardy  |z Slovensko  |2 SNKPH  |9 79594 
650 0 7 |a Agricultural machines  |2 SNKPHeng  |9 291763 
650 0 7 |a poľnohospodárske stroje  |2 SNKPH  |9 3574 
650 0 7 |a Agricultural transportation  |2 SNKPHeng  |9 327726 
655 7 |a normy  |2 SNKPH  |9 70643 
700 1 |a Drang, Jozef  |4 trl  |9 312434 
700 1 |a Gábriš, Jozef  |4 aut  |9 305448 
710 2 |a Slovenská spoločnosť pre technickú normalizáciu  |4 trl  |9 36642 
710 2 |a Slovenský ústav technickej normalizácie (Bratislava, Slovensko).  |b Technická normalizačná komisia č. 25 Poľnohospodárske a lesnícke stroje  |4 stn  |9 312406 
774 1 8 |t STN EN 1853+A1: 2010  |d Bratislava : Slovenský ústav technickej normalizácie, 2010  |w vtls010082905 
852 |a Štátna vedecká knižnica v Banskej Bystrici 
958 |a OP 
958 |a NB 
999 |c 577220  |d 579150 
952 |a SNK  |b SNK  |y PREZ  |7 0  |p 17A0702295  |o snkSTN EN 1853 D1  |i snk2011/10447  |8 0  |0 0  |1 0  |4 0  |d 2011-05-09  |l 0  |r 2026-02-23 14:37:39  |w 2026-02-23 
952 |a SNK  |b SNK  |y PREZ  |7 0  |p 17A0702298  |o snkSTN EN 1853  |i snk2011/10444  |8 0  |0 0  |1 0  |4 0  |d 2011-05-09  |l 0  |r 2026-02-23 14:37:39  |w 2026-02-23